LEADER 00996nam a2200229 u 4500 001 000000111065 003 CaOOAMICUS 005 20080407111624.0 008 080407s2007 nyu u000 u eng u 040 $aPUL$bita$dMCT 100 1 $aScruton, Roger.$0(OLS)http://pul/name/32605 245 14$aThe Palgrave Macmillan dictionary of political thought /$cRoger Scruton. 250 $a3rd ed. 260 $aHoundmills :$bPalgrave Macmillan,$c2007. 300 $axiii, 744 p. ;$c20 cm. 650 4$aSociologia politica.$0(OLS)http://pul/subject/7212 650 4$aPolitica$xEnciclopedie e dizionari.$0(OLS)http://pul/subject/123 850 $aPUL 852 $aPUL$W1$xSL Diritto e Scienze Sociali 3$y79$m320. 03 SCRRO 1$j127321$qDDC 21$B126028$CPULBib$Z2$F126028 $H106864 $82 941 1 $a9 996 $6245$aThe Palgrave Macmillan dictionary of political thought$9(OLS)http://pul/title/139630 996 $6260$aHoundmills :$bPalgrave Macmillan$9(OLS)http://pul/publisher/75862 LEADER 01307nam a2200289 a 4500 001 000000172610 003 CaOOAMICUS 005 20190902125343.0 008 190902s2018 gw u000 u ger r 020 $a978-3-451-38084-6* 032 $aLibriCat 040 $aPUL$bita 100 1 $aHack, Tobias.$0(OLS)http://pul/name/110838 245 10$aErmo?glichte Vergebung : $bzur bibeltheologischen Fundierung eines zentralen Begriffs christlicher Ethik / $cTobias Hack. 260 $aFreiburg ;$aBasel ;$aWien :$bHerder,$cİ2018. 300 $a404 p. ;$c22 cm 490 1 $aFreiburger theologische Studien ;$vBd. 185 504 $aBibliografia p. 391-404. 650 04$aPerdono.$0(OLS)http://pul/subject/20240 830 0$aFreiburger theologische Studien ;$vBd. 185.$0(OLS)http://pul/title/2244 850 $aPUL 852 $aPUL$W1$xSL Religione 1$y3$m72 E 185$j196555$qStampati$B201317$CPULBib$Z2$F201317 $H133251 $82 941 1 $a8 996 $6020$a978-3-451-38084-6*$9(OLS)http://pul/number/166683 996 $6245$aErmo?glichte Vergebung : $bzur bibeltheologischen Fundierung eines zentralen Begriffs christlicher Ethik / $9(OLS)http://pul/title/213579 996 $6260$aFreiburg ;$aBasel ;$aWien :$bHerder$9(OLS)http://pul/publisher/48104